[Event "Monaco tt"]
[Site "Monte Carlo"]
[Date "1996.??.??"]
[Round "5"]
[White "D'Avriac, Bernard Angles"]
[Black "Nicoara, Malina"]
[Result "0-1"]
[WhiteElo "1640"]
[BlackElo "2160"]
[PlyCount "100"]
[EventDate "1996.??.??"]
[EventType "team"]
[EventRounds "6"]
[EventCountry "MNC"]
[SourceTitle "EXT 1998"]
[Source "ChessBase"]
[SourceDate "1997.11.17"]
[SourceVersion "1"]
[SourceVersionDate "1997.11.17"]
[SourceQuality "1"]

1. c4 Nf6 2. Nf3 d6 3. g3 g6 4. Bg2 Bg7 5. 0-0 0-0 6. d4 Nbd7 7. Nc3 e5 8. dxe5 dxe5 9. Bg5 h6 10. Bxf6 Bxf6 11. Qc2 c6 12. Rad1 Qe7 13. e4 Nc5 14. b4 Ne6 15. c5 a5 16. a3 Nc7 17. h3 Be6 18. Rd2 Rfd8 19. Rfd1 Rxd2 20. Rxd2 Rd8 21. Rxd8+ Qxd8 22. bxa5 Na6 23. Na4 Qxa5 24. Bf1 Nc7 25. Kg2 Nb5 26. Bxb5 Qxb5 27. Nb6 Kg7 28. a4 Qb4 29. h4 Kh7 30. Qc1 Qxe4 31. Qe3 Qxe3 32. fxe3 Be7 33. Nxe5 Bxc5 34. Nbc4 Bxc4 35. Nxc4 b5 36. axb5 cxb5 37. Na5 Bxe3 38. Kf3 Bc5 39. Nb3 Bb6 40. g4 Kg7 41. Ke4 Bd8 42. h5 Bf6 43. Kf4 Bc3 44. hxg6 Kxg6 45. Kf3 Kf6 46. Nc5 Ke5 47. Nb3 Kd5 48. Ke3 Kc4 49. Nc1 b4 50. Ke2 b3 0-1